000 00493nam a2200181Ia 4500
005 20250326125529.0
008 250326s9999 xx 000 0 und d
037 _aTextbook
040 _aFMSL
_beng
_cFMSL
041 _aeng
_2eng
084 _a2 L7
_qFMSL
100 _aAnderson U
_9739233
245 0 _aManagement training for librarians
_cAnderson U
260 _aLondon
_bLondon, Library Association
_c1977
300 _a78p
942 _cTB
_h2 L7
999 _c1278453
_d1278453